| 000 | 00457nam a2200181Ia 4500 | ||
|---|---|---|---|
| 008 | 090630s9999 xx 000 0 und d | ||
| 082 | _b28831 | ||
| 100 | _aEnid Blyton. | ||
| 245 |
_aThe Mystery of holly lane. _cEnid Blyton. |
||
| 260 |
_bmammoth. _c1955 |
||
| 300 | _a0 | ||
| 600 | _aEnid Blyton. | ||
| 630 | _aThe Mystery of holly lane. | ||
| 655 | _aEnglish. | ||
| 700 | _aEnid Blyton. | ||
| 730 | _aThe Mystery of holly lane. | ||
| 942 | _cBOOK | ||
| 999 |
_c280687 _d280687 |
||